LIBRARY & INFORMATION CENTRE, KCAET, TAVANUR

ONLINE PUBLIC ACCESS CATALOGUE (OPAC)

Agricultural Economics (Record no. 12926)

MARC details
000 -LEADER
fixed length control field 00496cam a2200217ua 4500
041 ## - LANGUAGE CODE
Language code of text/sound track or separate title eng
082 ## - DEWEY DECIMAL CLASSIFICATION NUMBER
Classification number 630.33
Item number RED/AG
100 ## - MAIN ENTRY--AUTHOR NAME
Personal name SubbaReddy, S .
245 00 - TITLE STATEMENT
Title Agricultural Economics
260 ## - PUBLICATION, DISTRIBUTION, ETC. (IMPRINT)
Place of publication Mumbai :
Name of publisher Oxford & IBH Book Company ,
Year of publication 2004.
300 ## - PHYSICAL DESCRIPTION
Number of Pages ; .
700 1# - ADDED ENTRY--PERSONAL NAME
Personal name Raghuram, T.V .
942 ## - ADDED ENTRY ELEMENTS (KOHA)
Koha item type Books
Holdings
Withdrawn status Lost status Damaged status Home library Current library Date acquired Full call number Accession Number Koha item type Collection code Shelving location
      KAUAET KAUAET 07/04/2012 630.33 21061 Books    
      KAUAET KAUAET 07/04/2012 630.33 21062 Books    
      KAUAET KAUAET 07/04/2012 630.33 21063 Books    
      KAUAET KAUAET 07/04/2012 630.33 21064 Books    
      KAUAET KAUAET 07/04/2012 630.33 21065 Books General Books General Stacks
free website counter